Normal view
MARC view
- MS-CSE-19
Entry Topical Term
001 - CONTROL NUMBER
- control field: 84990
003 - CONTROL NUMBER IDENTIFIER
- control field: NUST
005 - DATE AND TIME OF LATEST TRANSACTION
- control field: 20211124104236.0
008 - FIXED-LENGTH DATA ELEMENTS
- fixed length control field: 211124|| aca||aabn | a|a d
040 ## - CATALOGING SOURCE
- Original cataloging agency: NUST
- Transcribing agency: NUST
150 ## - HEADING--TOPICAL TERM
- Topical term or geographic name entry element: MS-CSE-19
670 ## - SOURCE DATA FOUND
- Source citation: Work cat.: (NUST): Uzair Rasheed 84988, TH-SOF-1940-A novel approach for differential diagnosis of acute flaccid paralysis (afp) via data science, 2021.
